[Event "18th CRO-chT(w)"]
[Site "Sibenik CRO"]
[Date "2009.09.21"]
[Round "1.41"]
[White "Rozic, Vesna"]
[Black "Repkova, Eva"]
[Result "0-1"]
[WhiteElo "2240"]
[BlackElo "2439"]
[PlyCount "102"]
[EventDate "2009.09.21"]
[EventType "team"]
[EventRounds "9"]
[EventCountry "CRO"]

1. d4 d5 2. Bf4 e6 3. Nf3 Bd6 4. Bg3 Nf6 5. Nbd2 O-O 6. e3 c5 7. c3 Qc7 8. Bd3
Nbd7 9. O-O Bxg3 10. hxg3 e5 11. dxe5 Nxe5 12. Nxe5 Qxe5 13. Re1 Bg4 14. Be2 h5
15. Bf3 Rad8 16. Qa4 a6 17. Qf4 Rfe8 18. Qxe5 Rxe5 19. b4 Ne4 20. Bxe4 dxe4 21.
Nb3 b6 22. Rac1 Rd3 23. Kf1 Rf5 24. bxc5 bxc5 25. Rc2 Bd1 26. Rc1 Bg4 27. Rc2
Re5 28. Nc1 Rd6 29. Nb3 Rh6 30. Nd2 h4 31. gxh4 Rxh4 32. f3 exf3 33. Nxf3 Bxf3
34. gxf3 Rh1+ 35. Ke2 Rxe1+ 36. Kxe1 Rxe3+ 37. Kf2 Rd3 38. a4 Kh7 39. Rb2 Kg6
40. Kg3 Rxc3 41. Rb6+ Kf5 42. Rxa6 g5 43. Kg2 Ke5 44. a5 f5 45. Rg6 Kf4 46. Rf6
Ra3 47. a6 c4 48. Rg6 Ra2+ 49. Kh3 c3 50. Rf6 c2 51. Rc6 c1=Q 0-1

[Event "18th CRO-chT(w)"]
[Site "Sibenik CRO"]
[Date "2009.09.21"]
[Round "1.42"]
[White "Jelica, Mara"]
[Black "Radocaj, Radmila"]
[Result "0-1"]
[WhiteElo "2242"]
[BlackElo "2102"]
[PlyCount "176"]
[EventDate "2009.09.21"]
[EventType "team"]
[EventRounds "9"]
[EventCountry "CRO"]

1. e4 c5 2. Nf3 d6 3. d4 cxd4 4. Nxd4 Nf6 5. Nc3 a6 6. Bg5 e6 7. Qf3 Be7 8.
O-O-O Qa5 9. h4 h6 10. Be3 Nbd7 11. Be2 h5 12. Qg3 Kf8 13. Nb3 Qc7 14. f4 b5
15. e5 Ne8 16. Bd4 Bb7 17. Bd3 b4 18. Ne4 Bxe4 19. Bxe4 d5 20. Bd3 g6 21. Kb1
a5 22. Rhf1 a4 23. Nd2 Ng7 24. Nf3 Nf5 25. Bxf5 gxf5 26. Ng5 Nc5 27. Bxc5 Qxc5
28. Rd3 Rc8 29. Qf2 Qxf2 30. Rxf2 Bxg5 31. hxg5 Rc4 32. a3 Kg7 33. axb4 Rxb4
34. c3 Rc4 35. Ka2 Rb8 36. g3 Kg6 37. Rh2 Re4 38. Rd1 Re3 39. Rdh1 Rh8 40. Rh3
Re4 41. Rd1 Re2 42. Rdh1 Re4 43. R3h2 Re3 44. Rg2 Rf3 45. Rh4 Re3 46. Rh3 Re4
47. Rd2 Rc8 48. Ka3 Rec4 49. Rh1 Rb8 50. Rdh2 Rh8 51. Rd1 Rb8 52. Rd3 Rh8 53.
Rd4 Rhc8 54. Rhd2 h4 55. gxh4 Kh5 56. Rxc4 dxc4 57. Rd7 Kxh4 58. Kxa4 Kg4 59.
Rd4 Ra8+ 60. Kb4 Rb8+ 61. Kxc4 Rxb2 62. Kd3 Rf2 63. c4 Rf3+ 64. Ke2 Rxf4 65.
Ke3 Rxd4 66. Kxd4 f4 67. c5 f3 68. g6 fxg6 69. Ke3 Kg3 70. c6 f2 71. c7 f1=Q
72. c8=Q Qe1+ 73. Kd4 Qd2+ 74. Ke4 Qd5+ 75. Ke3 Qxe5+ 76. Kd2 g5 77. Qa6 Qf4+
78. Ke1 Qe3+ 79. Kd1 e5 80. Qh6 e4 81. Qg7 g4 82. Qe5+ Kg2 83. Qb2+ Kg1 84. Qg7
g3 85. Qg6 Qf3+ 86. Kd2 e3+ 87. Kd3 e2+ 88. Kd2 Qf2 0-1

[Event "18th CRO-chT(w)"]
[Site "Sibenik CRO"]
[Date "2009.09.21"]
[Round "1.43"]
[White "Videkovic, Marina"]
[Black "Djeno, Snjezana"]
[Result "0-1"]
[WhiteElo "1933"]
[BlackElo "2022"]
[PlyCount "90"]
[EventDate "2009.09.21"]
[EventType "team"]
[EventRounds "9"]
[EventCountry "CRO"]

1. Nf3 Nf6 2. c4 Nc6 3. Nc3 d5 4. cxd5 Nxd5 5. g3 e5 6. d3 Be7 7. Bd2 Be6 8.
Bg2 f6 9. a3 Qd7 10. Nxd5 Bxd5 11. O-O O-O-O 12. Rc1 g5 13. e4 Be6 14. Qa4 Kb8
15. Be3 g4 16. Nh4 Nd4 17. Qxd7 Rxd7 18. Bxd4 Rxd4 19. Rc3 Rhd8 20. Rd1 R8d7
21. Nf5 Bf8 22. Kf1 c5 23. Ke2 c4 24. Ne3 b5 25. dxc4 Bxc4+ 26. Ke1 Rxd1+ 27.
Nxd1 Bh6 28. Ne3 Bxe3 29. Rxe3 Rd4 30. f3 h5 31. h3 Be6 32. hxg4 hxg4 33. Ke2
Bc4+ 34. Ke1 gxf3 35. Bxf3 Bd3 36. Bg2 a6 37. Bf3 Ka7 38. Kf2 Bc4 39. Ke1 Bd3
40. Kf2 Bc4 41. Ke1 a5 42. Be2 Kb6 43. Bxc4 bxc4 44. Ke2 Kc5 45. Kf2 Rd2+ 0-1

[Event "18th CRO-chT(w)"]
[Site "Sibenik CRO"]
[Date "2009.09.21"]
[Round "1.51"]
[White "Shadrina, Tatiana"]
[Black "Gara, Anita"]
[Result "1/2-1/2"]
[WhiteElo "2384"]
[BlackElo "2365"]
[PlyCount "69"]
[EventDate "2009.09.21"]
[EventType "team"]
[EventRounds "9"]
[EventCountry "CRO"]

1. e4 c5 2. Nf3 d6 3. d4 cxd4 4. Nxd4 Nf6 5. Nc3 g6 6. Be3 Bg7 7. f3 O-O 8. Qd2
Nc6 9. O-O-O d5 10. exd5 Nxd5 11. Nxc6 bxc6 12. Bd4 Nxc3 13. Qxc3 Bh6+ 14. Be3
Bxe3+ 15. Qxe3 Qb6 16. Qxb6 axb6 17. Bc4 b5 18. Bb3 c5 19. Bd5 Ra6 20. a3 c4
21. c3 Kg7 22. Rhe1 e6 23. Be4 f5 24. Bc2 Bb7 25. Rd7+ Rf7 26. Rd8 Bd5 27. Kd2
Raa7 28. Ke3 Rfd7 29. Rc8 Kf6 30. Rd1 Ke7 31. g3 Rdc7 32. Rh8 Kd6 33. Rd2 Re7
34. h4 Rg7 35. Rb8 1/2-1/2

[Event "18th CRO-chT(w)"]
[Site "Sibenik CRO"]
[Date "2009.09.22"]
[Round "2.11"]
[White "Srebrnic, Ana"]
[Black "Gara, Anita"]
[Result "1/2-1/2"]
[WhiteElo "2237"]
[BlackElo "2365"]
[PlyCount "94"]
[EventDate "2009.09.21"]
[EventType "team"]
[EventRounds "9"]
[EventCountry "CRO"]

1. Nf3 c5 2. c4 Nc6 3. d4 cxd4 4. Nxd4 g6 5. e4 Nf6 6. Nc3 d6 7. Be2 Nxd4 8.
Qxd4 Bg7 9. Bg5 O-O 10. Qd2 a5 11. O-O a4 12. f3 Qb6+ 13. Be3 Qa5 14. Rab1 Be6
15. Rfc1 Rfc8 16. b4 axb3 17. axb3 Qb4 18. Na4 Qxd2 19. Bxd2 Nd7 20. Be3 f5 21.
Bd3 Rf8 22. Nb6 Nxb6 23. Bxb6 f4 24. Bf2 Ra2 25. Rc2 Rfa8 26. Rxa2 Rxa2 27. Kf1
Bc3 28. Be2 Kf7 29. Rc1 Bb2 30. Rb1 g5 31. b4 Ba3 32. c5 Rc2 33. Bd3 Rd2 34.
Be2 Kf6 35. cxd6 exd6 36. Be1 Rc2 37. Bd3 Bc4 38. Bxc4 Rxc4 39. Rb3 Bc1 40. Rc3
Rxc3 41. Bxc3+ Ke6 42. Ke2 Be3 43. h3 Ba7 44. Kd3 b5 45. Be1 Ke5 46. Bc3+ Ke6
47. Be1 Ke5 1/2-1/2

[Event "18th CRO-chT(w)"]
[Site "Sibenik CRO"]
[Date "2009.09.22"]
[Round "2.22"]
[White "Bazaj, Bockai Snjezana"]
[Black "Jelica, Mara"]
[Result "0-1"]
[WhiteElo "2094"]
[BlackElo "2242"]
[PlyCount "86"]
[EventDate "2009.09.21"]
[EventType "team"]
[EventRounds "9"]
[EventCountry "CRO"]

1. e4 c5 2. Nf3 d6 3. Bc4 Nc6 4. O-O Nf6 5. d3 e6 6. Bb3 Be7 7. c3 O-O 8. Re1
b5 9. a3 Bb7 10. d4 c4 11. Bc2 e5 12. Nbd2 Qc7 13. Nf1 a5 14. Ne3 Nd8 15. d5 g6
16. h3 Ba6 17. Nh2 h5 18. Qf3 Nb7 19. Nf5 Nh7 20. Nxe7+ Qxe7 21. Qg3 Nc5 22.
Bh6 Rfe8 23. Nf3 Qf6 24. Nh4 g5 25. Nf5 Bc8 26. h4 g4 27. Bg5 Nxg5 28. hxg5 Qg6
29. Qh4 Ra7 30. Re3 Rf8 31. Ng3 f6 32. gxf6 Rh7 33. Nf5 Bxf5 34. f7+ Qxf7 35.
exf5 Qf6 36. Qg3 Qg5 37. f6 Rh6 38. Rae1 h4 39. Qh2 Rhxf6 40. Rg3 Rxf2 41. Qh3
R2f4 42. Qh2 R8f7 43. Rge3 Rf1+ 0-1

[Event "18th CRO-chT(w)"]
[Site "Sibenik CRO"]
[Date "2009.09.22"]
[Round "2.23"]
[White "Djeno, Snjezana"]
[Black "Kukic, Lora"]
[Result "1-0"]
[WhiteElo "2022"]
[BlackElo "1721"]
[PlyCount "70"]
[EventDate "2009.09.21"]
[EventType "team"]
[EventRounds "9"]
[EventCountry "CRO"]

1. c4 e6 2. g3 Nf6 3. Nc3 c5 4. Bg2 Be7 5. e3 Nc6 6. Nge2 d5 7. cxd5 exd5 8. d4
c4 9. Nf4 Be6 10. O-O a6 11. h3 Bb4 12. Bd2 b5 13. Re1 O-O 14. e4 Bxc3 15. bxc3
dxe4 16. Nxe6 fxe6 17. Bg5 Qd6 18. Qc2 e3 19. Rxe3 Nd5 20. Re2 h6 21. Bxh6 Nxc3
22. Qxc3 gxh6 23. Re4 Rf5 24. Rae1 Re8 25. Rh4 Kf7 26. Ree4 e5 27. dxe5 Rexe5
28. Qe3 h5 29. Rxe5 Nxe5 30. Be4 Qd1+ 31. Kg2 Rf6 32. Qa7+ Nd7 33. Qb7 c3 34.
Bd5+ Ke7 35. Re4+ Kd8 1-0

[Event "18th CRO-chT(w)"]
[Site "Sibenik CRO"]
[Date "2009.09.22"]
[Round "2.31"]
[White "Racki, Barbara"]
[Black "Rozic, Vesna"]
[Result "0-1"]
[WhiteElo "1690"]
[BlackElo "2240"]
[PlyCount "74"]
[EventDate "2009.09.21"]
[EventType "team"]
[EventRounds "9"]
[EventCountry "CRO"]

1. e4 e6 2. d4 d5 3. Nc3 Nf6 4. e5 Nfd7 5. Nf3 c5 6. dxc5 Nc6 7. Bf4 Bxc5 8.
Bd3 h6 9. h3 a6 10. O-O b5 11. a3 Bb7 12. Qd2 Rc8 13. Rae1 Nb6 14. Ne2 Nc4 15.
Qc1 Qc7 16. Nc3 Nd4 17. Nd2 Be7 18. Bh2 Nxa3 19. Nxd5 Bxd5 20. c3 Nb3 21. Nxb3
Bxb3 22. bxa3 Bc4 23. Re3 Bxd3 24. Rxd3 O-O 25. Bf4 Kh7 26. Rfd1 Rfd8 27. Qc2
g6 28. Qc1 Rxd3 29. Rxd3 Rd8 30. Rxd8 Bxd8 31. Bxh6 Qxe5 32. Bf8 Bg5 33. Qb2
Qe1+ 34. Kh2 Bc1 35. Qc2 Bd2 36. c4 Qxf2 37. Qe4 Bf4+ 0-1

[Event "18th CRO-chT(w)"]
[Site "Sibenik CRO"]
[Date "2009.09.22"]
[Round "2.32"]
[White "Radocaj, Radmila"]
[Black "Krivec, Jana"]
[Result "0-1"]
[WhiteElo "2102"]
[BlackElo "2329"]
[PlyCount "56"]
[EventDate "2009.09.21"]
[EventType "team"]
[EventRounds "9"]
[EventCountry "CRO"]

1. e4 e5 2. Nf3 d6 3. d4 exd4 4. Nxd4 Nf6 5. Nc3 Be7 6. Bc4 O-O 7. O-O c6 8.
Re1 b5 9. Bf1 b4 10. Na4 c5 11. Nf5 Bxf5 12. exf5 d5 13. c3 a5 14. Bf4 Ra7 15.
Qc2 Bd6 16. Bxd6 Qxd6 17. Rad1 Nbd7 18. g3 Ne5 19. Bg2 c4 20. Rd4 Nd3 21. Rd1
Qe5 22. Nb6 bxc3 23. bxc3 Rb8 24. Nxd5 Rb2 25. Nxf6+ gxf6 26. Rg4+ Kf8 27. Qa4
Qe2 28. Qa3+ Re7 0-1

[Event "18th CRO-chT(w)"]
[Site "Sibenik CRO"]
[Date "2009.09.22"]
[Round "2.33"]
[White "Tomulic, Vesna"]
[Black "Turk, Tajana"]
[Result "1-0"]
[WhiteElo "1917"]
[BlackElo "1752"]
[PlyCount "61"]
[EventDate "2009.09.21"]
[EventType "team"]
[EventRounds "9"]
[EventCountry "CRO"]

1. e4 c5 2. Nf3 e6 3. d4 cxd4 4. Nxd4 Nc6 5. Nb5 d6 6. Bf4 e5 7. Be3 a6 8. N5c3
Nf6 9. Be2 Be7 10. O-O O-O 11. f3 Be6 12. Nd5 Nd7 13. Nxe7+ Qxe7 14. c4 Rfd8
15. Nc3 Rac8 16. Nd5 Qe8 17. Qd2 Bxd5 18. cxd5 Ne7 19. Qb4 Nc5 20. b3 Rd7 21.
Rfc1 Rdc7 22. Qb6 Qd7 23. a4 f5 24. Rc4 Kh8 25. Rac1 fxe4 26. fxe4 Ng6 27. h3
Nf4 28. Bg4 Qe7 29. Bxf4 exf4 30. Bxc8 Rxc8 31. b4 1-0

[Event "18th CRO-chT(w)"]
[Site "Sibenik CRO"]
[Date "2009.09.22"]
[Round "2.41"]
[White "Collas, Silvia"]
[Black "Javakhishvili, Lela"]
[Result "1/2-1/2"]
[WhiteElo "2319"]
[BlackElo "2472"]
[PlyCount "62"]
[EventDate "2009.09.21"]
[EventType "team"]
[EventRounds "9"]
[EventCountry "CRO"]

1. d4 Nf6 2. c4 e6 3. Nf3 b6 4. g3 Bb4+ 5. Bd2 c5 6. Bxb4 cxb4 7. Bg2 Bb7 8.
O-O O-O 9. Qd2 a5 10. a3 Na6 11. Rc1 d6 12. axb4 Nxb4 13. Na3 Rc8 14. Ne1 d5
15. Nec2 Nc6 16. cxd5 Nxd5 17. Nb5 Qd7 18. Nc3 Ncb4 19. Nxd5 Nxd5 20. Na3 Ba6
21. Bf3 Nb4 22. Qd1 h6 23. Rc3 Rcd8 24. Nc4 Bxc4 25. Rxc4 e5 26. e3 exd4 27.
Rxd4 Qc8 28. Rc1 Rxd4 29. exd4 Qd7 30. Qd2 Rd8 31. Rc4 Qf5 1/2-1/2

[Event "18th CRO-chT(w)"]
[Site "Sibenik CRO"]
[Date "2009.09.22"]
[Round "2.42"]
[White "Berke, Ana"]
[Black "Macek, Vlasta"]
[Result "1/2-1/2"]
[WhiteElo "2139"]
[BlackElo "2220"]
[PlyCount "74"]
[EventDate "2009.09.21"]
[EventType "team"]
[EventRounds "9"]
[EventCountry "CRO"]

1. e4 e6 2. d4 d5 3. Nd2 Nf6 4. e5 Nfd7 5. Bd3 c5 6. c3 Nc6 7. Ngf3 h6 8. O-O
a5 9. Qe2 cxd4 10. cxd4 Nb4 11. Bb5 Qb6 12. Rd1 Be7 13. a3 Nc6 14. Nf1 Nf8 15.
Be3 Bd7 16. Bd3 g5 17. h3 Ng6 18. Qd2 a4 19. Rac1 Na5 20. Rc3 Bb5 21. Qc2 Bxd3
22. Rdxd3 Nc4 23. b4 axb3 24. Rxb3 Qa6 25. Bc1 O-O 26. Qb1 Rfb8 27. Ne1 b5 28.
Nc2 Qc6 29. g3 Nf8 30. h4 Ra4 31. hxg5 hxg5 32. Nb4 Qd7 33. Ne3 Nxe3 34. Bxe3
Rc8 35. Kg2 Rc4 36. Rd1 Ng6 37. Nd3 Rxa3 1/2-1/2

[Event "18th CRO-chT(w)"]
[Site "Sibenik CRO"]
[Date "2009.09.22"]
[Round "2.53"]
[White "Solic, Kristina"]
[Black "Vujnovic, Patricija"]
[Result "1-0"]
[WhiteElo "2193"]
[BlackElo "1883"]
[PlyCount "47"]
[EventDate "2009.09.21"]
[EventType "team"]
[EventRounds "9"]
[EventCountry "CRO"]

1. e4 Nf6 2. e5 Nd5 3. c4 Nb6 4. c5 Nd5 5. Nc3 e6 6. Bc4 Nxc3 7. dxc3 Nc6 8.
Nf3 d5 9. cxd6 cxd6 10. exd6 Bxd6 11. Qc2 Qc7 12. Be3 a6 13. Rd1 b5 14. Qd2 Ne5
15. Be2 Ke7 16. Nxe5 Bxe5 17. Bc5+ Kf6 18. b4 Bb7 19. f4 Bxf4 20. Rf1 e5 21.
Bd6 Qc6 22. Bxe5+ Ke7 23. Qxf4 f6 24. Rd6 1-0

[Event "18th CRO-chT(w)"]
[Site "Sibenik CRO"]
[Date "2009.09.23"]
[Round "3.12"]
[White "Kruljac, Nina"]
[Black "Madl, Ildiko"]
[Result "1/2-1/2"]
[WhiteElo "2103"]
[BlackElo "2386"]
[PlyCount "88"]
[EventDate "2009.09.21"]
[EventType "team"]
[EventRounds "9"]
[EventCountry "CRO"]

1. e4 c5 2. Nc3 Nc6 3. g3 g6 4. Bg2 Bg7 5. f4 d6 6. Nf3 e5 7. d3 Nge7 8. O-O
O-O 9. Be3 exf4 10. Bxf4 h6 11. Qd2 Kh7 12. Rae1 Be6 13. Be3 Qb6 14. Rb1 a5 15.
a3 Rac8 16. Na4 Qc7 17. e5 Nxe5 18. Nxe5 dxe5 19. Nxc5 Bd5 20. c3 Rcd8 21. Rbd1
Nf5 22. Bf2 Bxg2 23. Kxg2 Qc6+ 24. Kg1 Ne7 25. Qc2 b6 26. Na4 Rb8 27. Qb3 b5
28. Nc5 Nd5 29. Qc2 f5 30. b4 axb4 31. axb4 Ra8 32. Ra1 e4 33. dxe4 Nxc3 34.
exf5 Rxa1 35. Rxa1 Rxf5 36. Ra7 Qf3 37. Re7 Nd1 38. Ne6 Rf7 39. Rxf7 Qxf7 40.
Nxg7 Nxf2 41. Qxf2 Kxg7 42. Qc5 Qd7 43. Kf2 h5 44. h4 Qd3 1/2-1/2

[Event "18th CRO-chT(w)"]
[Site "Sibenik CRO"]
[Date "2009.09.23"]
[Round "3.13"]
[White "Vujnovic, Patricija"]
[Black "Cacic, Marija"]
[Result "1-0"]
[WhiteElo "1883"]
[BlackElo "1654"]
[PlyCount "89"]
[EventDate "2009.09.21"]
[EventType "team"]
[EventRounds "9"]
[EventCountry "CRO"]

1. d4 Nf6 2. c4 g6 3. Nc3 Bg7 4. Nf3 O-O 5. Bg5 d6 6. e3 Nbd7 7. Qc2 Re8 8. Be2
c5 9. O-O cxd4 10. Nxd4 a6 11. Rfd1 Qa5 12. Bh4 Nc5 13. a3 Ne6 14. Nb3 Qc7 15.
Bxf6 Bxf6 16. Nd5 Qd8 17. Nxf6+ exf6 18. Qd3 Qb6 19. Nd4 Nc5 20. Qc2 Bd7 21. b4
Ne6 22. Nxe6 Bxe6 23. Rd4 Red8 24. Rad1 Rac8 25. Qd2 Qc7 26. c5 Bb3 27. cxd6
Qc2 28. h3 Qf5 29. Bg4 Qb5 30. Bxc8 Bxd1 31. Qxd1 Rxc8 32. d7 Rd8 33. a4 Qc6
34. Rd6 Qe4 35. Rxf6 Qxb4 36. Qd5 Qe7 37. Rd6 Kf8 38. Qd4 Kg8 39. e4 h5 40. e5
Kh7 41. a5 Qg5 42. Rf6 Qc1+ 43. Kh2 Kg7 44. Qd5 Qc7 45. Qxf7+ 1-0

[Event "18th CRO-chT(w)"]
[Site "Sibenik CRO"]
[Date "2009.09.23"]
[Round "3.21"]
[White "Javakhishvili, Lela"]
[Black "Muzychuk, Mariya"]
[Result "1/2-1/2"]
[WhiteElo "2472"]
[BlackElo "2443"]
[PlyCount "43"]
[EventDate "2009.09.21"]
[EventType "team"]
[EventRounds "9"]
[EventCountry "CRO"]

1. d4 Nf6 2. c4 e6 3. Nf3 c5 4. d5 b5 5. dxe6 fxe6 6. cxb5 d5 7. e3 Bd6 8. Nbd2
O-O 9. Be2 a6 10. O-O Qe8 11. Nc4 Bc7 12. b6 Bd8 13. Nd6 Qc6 14. Nxc8 Qxc8 15.
b3 Bxb6 16. Ba3 Nbd7 17. Ng5 Qc6 18. e4 Nxe4 19. Nxe4 dxe4 20. Qc2 Ne5 21. Bb2
Rf5 22. Rae1 1/2-1/2

[Event "18th CRO-chT(w)"]
[Site "Sibenik CRO"]
[Date "2009.09.23"]
[Round "3.22"]
[White "Medic, Mirjana"]
[Black "Berke, Ana"]
[Result "1-0"]
[WhiteElo "2322"]
[BlackElo "2139"]
[PlyCount "87"]
[EventDate "2009.09.21"]
[EventType "team"]
[EventRounds "9"]
[EventCountry "CRO"]

1. d4 Nf6 2. c4 c5 3. d5 b5 4. cxb5 a6 5. bxa6 d6 6. Nc3 Bxa6 7. g3 g6 8. Bg2
Bg7 9. Nf3 Nbd7 10. Rb1 Nb6 11. b3 Bc8 12. Nh4 h6 13. Qc2 Qd7 14. Bb2 g5 15.
Nf3 Qf5 16. e4 Qg6 17. O-O O-O 18. Qd2 Ng4 19. h3 Ne5 20. Nxe5 Bxe5 21. f4 gxf4
22. gxf4 Bd4+ 23. Kh2 f5 24. Rf3 Kh7 25. Rg3 Qf7 26. Ne2 Bxb2 27. Qxb2 Ba6 28.
Rg1 Bxe2 29. Qxe2 Rg8 30. Bf3 Rxg3 31. Rxg3 Rg8 32. Rxg8 Qxg8 33. a4 Qg7 34. a5
Na8 35. e5 Nc7 36. Qd3 Kg6 37. h4 Qf7 38. a6 h5 39. a7 Qg7 40. Qe2 Qh6 41. Qg2+
Kh7 42. Qg5 Qxg5 43. hxg5 dxe5 44. fxe5 1-0

[Event "18th CRO-chT(w)"]
[Site "Sibenik CRO"]
[Date "2009.09.23"]
[Round "3.31"]
[White "Rozic, Vesna"]
[Black "Collas, Silvia"]
[Result "1/2-1/2"]
[WhiteElo "2240"]
[BlackElo "2319"]
[PlyCount "65"]
[EventDate "2009.09.21"]
[EventType "team"]
[EventRounds "9"]
[EventCountry "CRO"]

1. d4 g6 2. Nf3 Bg7 3. c3 d6 4. e4 Nf6 5. Qc2 O-O 6. Bg5 Nc6 7. Nbd2 e5 8. dxe5
Nxe5 9. Be2 Nxf3+ 10. Bxf3 Bd7 11. O-O Qc8 12. Rfe1 Re8 13. Be2 Bc6 14. f3 h6
15. Bh4 Nh5 16. Nc4 a5 17. Ne3 a4 18. Bc4 Nf4 19. Bg3 Ne6 20. Rad1 Ra5 21. Bd5
Qa8 22. a3 Qa6 23. Bc4 Bb5 24. Bd5 Bc6 25. Bc4 Bb5 26. Bxb5 Rxb5 27. Kh1 Rb3
28. Nd5 Qb5 29. Rd2 Qc4 30. Ne3 Qa6 31. Nd5 Qc4 32. Ne3 Qa6 33. Nd5 1/2-1/2

[Event "18th CRO-chT(w)"]
[Site "Sibenik CRO"]
[Date "2009.09.23"]
[Round "3.32"]
[White "Macek, Vlasta"]
[Black "Radocaj, Radmila"]
[Result "1/2-1/2"]
[WhiteElo "2220"]
[BlackElo "2102"]
[PlyCount "59"]
[EventDate "2009.09.21"]
[EventType "team"]
[EventRounds "9"]
[EventCountry "CRO"]

1. d4 Nf6 2. c4 e6 3. Nc3 Bb4 4. Qc2 c5 5. dxc5 O-O 6. a3 Bxc5 7. Nf3 b6 8. Bg5
Bb7 9. e4 h6 10. Bh4 Be7 11. Be2 d6 12. O-O Nc6 13. Rfd1 Qb8 14. h3 Rc8 15.
Rac1 Ne5 16. Nxe5 dxe5 17. Bd3 a5 18. Bg3 Bc6 19. Qe2 Bc5 20. Nb5 Bxb5 21. cxb5
Bd4 22. Rc6 Qb7 23. Rdc1 Nd7 24. b4 axb4 25. axb4 Nf8 26. Qc2 Rd8 27. Rc7 Qb8
28. Kh2 Ra3 29. Be2 Qa8 30. Bh5 1/2-1/2

[Event "18th CRO-chT(w)"]
[Site "Sibenik CRO"]
[Date "2009.09.23"]
[Round "3.33"]
[White "Videkovic, Marina"]
[Black "Purgar, Ivona"]
[Result "0-1"]
[WhiteElo "1933"]
[BlackElo "2093"]
[PlyCount "34"]
[EventDate "2009.09.21"]
[EventType "team"]
[EventRounds "9"]
[EventCountry "CRO"]

1. d4 Nf6 2. c4 g6 3. Nc3 d5 4. Nf3 Bg7 5. Qb3 dxc4 6. Qxc4 a6 7. e4 b5 8. Qb3
O-O 9. a4 c5 10. dxc5 Be6 11. Qa3 bxa4 12. Qxa4 Nbd7 13. Qa5 Qc8 14. Be3 Ng4
15. Bxa6 Qc6 16. Qb5 Bxc3+ 17. bxc3 Qxb5 0-1

[Event "18th CRO-chT(w)"]
[Site "Sibenik CRO"]
[Date "2009.09.23"]
[Round "3.41"]
[White "Shadrina, Tatiana"]
[Black "Racki, Barbara"]
[Result "1-0"]
[WhiteElo "2384"]
[BlackElo "1690"]
[PlyCount "49"]
[EventDate "2009.09.21"]
[EventType "team"]
[EventRounds "9"]
[EventCountry "CRO"]

1. e4 e5 2. Nf3 Nc6 3. Bb5 a6 4. Ba4 Nf6 5. O-O Be7 6. Re1 b5 7. Bb3 O-O 8. h3
d6 9. c3 Na5 10. Bc2 c5 11. d4 Qc7 12. Nbd2 Bd7 13. Nf1 Rfc8 14. Ne3 Nb7 15. b4
cxb4 16. cxb4 Bc6 17. Bb2 Rd8 18. Rc1 Qb6 19. Nf5 Bf8 20. Qe2 Re8 21. dxe5 dxe5
22. Nxe5 Bxb4 23. Ng4 Nxe4 24. Ngh6+ gxh6 25. Qg4+ 1-0

[Event "18th CRO-chT(w)"]
[Site "Sibenik CRO"]
[Date "2009.09.23"]
[Round "3.51"]
[White "Gara, Anita"]
[Black "Repkova, Eva"]
[Result "0-1"]
[WhiteElo "2365"]
[BlackElo "2439"]
[PlyCount "58"]
[EventDate "2009.09.21"]
[EventType "team"]
[EventRounds "9"]
[EventCountry "CRO"]

1. e4 e6 2. d4 d5 3. e5 c5 4. c3 Nc6 5. Nf3 Bd7 6. Be2 Nge7 7. Na3 Ng6 8. Nc2
Be7 9. O-O O-O 10. Bd3 cxd4 11. cxd4 f6 12. exf6 Bxf6 13. Bxg6 hxg6 14. Re1 Qb6
15. Qd3 Rae8 16. Be3 Kh7 17. h4 Ne7 18. g4 Bb5 19. Qd1 Nc6 20. Qd2 Qa6 21. Rad1
Qxa2 22. Ra1 Qc4 23. Ra3 Ba6 24. Bf4 e5 25. Rc3 Qb5 26. Na3 Qa4 27. dxe5 Bd8
28. Bg3 Qxg4 29. Qxd5 Ne7 0-1

[Event "18th CRO-chT(w)"]
[Site "Sibenik CRO"]
[Date "2009.09.24"]
[Round "4.12"]
[White "Jelica, Mara"]
[Black "Srebrnic, Ana"]
[Result "0-1"]
[WhiteElo "2242"]
[BlackElo "2237"]
[PlyCount "78"]
[EventDate "2009.09.21"]
[EventType "team"]
[EventRounds "9"]
[EventCountry "CRO"]

1. f4 d5 2. Nf3 g6 3. d4 Bg7 4. e3 Nh6 5. Bd3 O-O 6. O-O Nf5 7. Kh1 b6 8. Qe1
Nd6 9. Qh4 e6 10. Qxd8 Rxd8 11. Nbd2 Ba6 12. Ne5 c5 13. Bxa6 Nxa6 14. c3 Rac8
15. Ndf3 Nb8 16. Bd2 Ne4 17. Be1 Nc6 18. Nxc6 Rxc6 19. Bh4 Rb8 20. g4 c4 21. f5
exf5 22. gxf5 f6 23. fxg6 hxg6 24. Ne1 b5 25. Nc2 a5 26. a3 Bf8 27. Be1 Kf7 28.
Kg2 Be7 29. Kf3 Rcc8 30. Rh1 Rh8 31. Bg3 Rb7 32. Be1 Ke6 33. h3 Bd6 34. Kg2
Rbh7 35. Rb1 a4 36. Rd1 g5 37. Na1 g4 38. h4 g3 39. Bd2 Nf2 0-1

[Event "18th CRO-chT(w)"]
[Site "Sibenik CRO"]
[Date "2009.09.24"]
[Round "4.13"]
[White "Kruljac, Nina"]
[Black "Djeno, Snjezana"]
[Result "1/2-1/2"]
[WhiteElo "2103"]
[BlackElo "2022"]
[PlyCount "81"]
[EventDate "2009.09.21"]
[EventType "team"]
[EventRounds "9"]
[EventCountry "CRO"]

1. e4 e5 2. Nf3 Nf6 3. d4 Nxe4 4. Bd3 d5 5. Nxe5 Nd7 6. Nxd7 Bxd7 7. O-O Bd6 8.
c4 c6 9. Nc3 Nxc3 10. bxc3 O-O 11. c5 Bc7 12. Rb1 b6 13. Ba3 b5 14. Qf3 Qh4 15.
g3 Qh3 16. Rfe1 Bg4 17. Qe3 Bd7 18. Bf1 Qf5 19. Bd3 Qg4 20. Be2 Qe6 21. Qxe6
Bxe6 22. Bd3 Rfe8 23. Re3 Bd7 24. Rbe1 g6 25. Bc1 Rxe3 26. Rxe3 Bd8 27. Re1 f6
28. h4 Kf7 29. Kg2 Ba5 30. Bd2 Bc7 31. a3 Rb8 32. h5 Rh8 33. f3 Bf5 34. Bxf5
gxf5 35. f4 Rg8 36. Kf3 Bd8 37. Re2 Bc7 38. Re1 a6 39. Re2 Bd8 40. Re1 a5 41.
Re2 1/2-1/2

[Event "18th CRO-chT(w)"]
[Site "Sibenik CRO"]
[Date "2009.09.24"]
[Round "4.21"]
[White "Krivec, Jana"]
[Black "Gara, Anita"]
[Result "1-0"]
[WhiteElo "2329"]
[BlackElo "2365"]
[PlyCount "47"]
[EventDate "2009.09.21"]
[EventType "team"]
[EventRounds "9"]
[EventCountry "CRO"]

1. e4 c5 2. Nc3 d6 3. f4 Nc6 4. Nf3 g6 5. Bb5 Bg7 6. O-O Bd7 7. Bxc6 Bxc6 8. d4
cxd4 9. Nxd4 Bd7 10. Kh1 Rc8 11. Qd3 Qc7 12. Be3 Qc4 13. Qd2 Nf6 14. e5 dxe5
15. fxe5 Ng4 16. e6 fxe6 17. Nde2 Nxe3 18. Qxe3 b6 19. Rad1 Bc6 20. Rf4 Bh6 21.
Qe5 Bxf4 22. Qxh8+ Kf7 23. Qxh7+ Kf6 24. Rd4 1-0

[Event "18th CRO-chT(w)"]
[Site "Sibenik CRO"]
[Date "2009.09.24"]
[Round "4.31"]
[White "Collas, Silvia"]
[Black "Shadrina, Tatiana"]
[Result "1/2-1/2"]
[WhiteElo "2319"]
[BlackElo "2384"]
[PlyCount "37"]
[EventDate "2009.09.21"]
[EventType "team"]
[EventRounds "9"]
[EventCountry "CRO"]

1. Nf3 d5 2. d4 Nf6 3. c4 c6 4. cxd5 cxd5 5. Nc3 Nc6 6. Bf4 e6 7. e3 a6 8. Be2
Be7 9. h3 O-O 10. O-O Bd7 11. Rc1 Qa5 12. Ne5 Rac8 13. Bg5 Qd8 14. Nxd7 Nxd7
15. Bxe7 Qxe7 16. Na4 Rfd8 17. Qd2 g6 18. a3 Rc7 19. Rc3 1/2-1/2

[Event "18th CRO-chT(w)"]
[Site "Sibenik CRO"]
[Date "2009.09.24"]
[Round "4.32"]
[White "Bazaj, Bockai Snjezana"]
[Black "Macek, Vlasta"]
[Result "1/2-1/2"]
[WhiteElo "2094"]
[BlackElo "2220"]
[PlyCount "51"]
[EventDate "2009.09.21"]
[EventType "team"]
[EventRounds "9"]
[EventCountry "CRO"]

1. e4 e6 2. d4 d5 3. Nd2 Nf6 4. e5 Nfd7 5. Bd3 c5 6. c3 Nc6 7. Ne2 cxd4 8. cxd4
a5 9. O-O Nb6 10. Nf3 h6 11. Qd2 Bd7 12. Qf4 Nb4 13. Bb1 Bb5 14. Re1 Nd3 15.
Bxd3 Bxd3 16. Ng3 Nc8 17. Bd2 Ne7 18. Rac1 Nc6 19. Nh5 Bg6 20. Qg4 Bxh5 21.
Qxh5 Bb4 22. Qg4 g6 23. Bc3 O-O 24. a3 Be7 25. Bd2 Kg7 26. Rc3 1/2-1/2